000 00735nam a2200229 a 4500
001 000020509
005 20200930011124.0
008 100322s2004 cu 000 0 spa d
020 _a9592588015
040 _aDO-SdBNP
_bspa
_cBNPHU
082 _axxxx
_bxxx
245 0 0 _aIndización y resumen /
_ccompiladora Ania R. Hernández Quintana.
260 _aLa Habana, Cuba :
_bFéliz Varela,
_c2004.
300 _a418 p. ;
_c24 cm.
490 0 _aColectivo de autores
490 0 _aSelección de lecturas
504 _aBibliografía p: 409-418
500 _aIncluye notas a pie de páginas
700 1 _aHernández Quintana, Ania R.
_ecomp.
_943222
830 0 _aColectivo de autores
_943219
830 0 _aSelección de lecturas
_943201
999 _c20013
_d20013